| 000 | 01182nam a22003497a 4500 | ||
|---|---|---|---|
| 001 | 783 | ||
| 005 | 20230707140424.0 | ||
| 008 | 230707b cb ||||| |||| 00| 0 eng d | ||
| 020 | _a9780061554148 (trade bdg.) | ||
| 020 | _a9780061554124 (lib. bdg.) | ||
| 040 |
_aDLC _cDLC _dDLC _beng |
||
| 050 | 0 | 0 |
_aPZ7.G9846 _bDq 2009 |
| 082 | 0 | 0 |
_a[Fic] _222 |
| 100 | 1 | _aGutman, Dan. | |
| 245 | 1 | 0 |
_aDr. Brad has gone mad! / _cGutman, Dan ; pictures by Paillot, Jim . |
| 246 | 3 | _aDoctor Brad has gone mad! | |
| 250 | _a1st ed. | ||
| 260 |
_aNew York : _bHarper, _c2009. |
||
| 300 |
_a100 pages : _billustrations ; _c20 cm. |
||
| 490 | 0 |
_aMy weird school daze ; _vBook 7 |
|
| 505 | _aM | ||
| 520 | _aElla Mentry School counselor Dr. Brad believes wisecracking A.J. may be a genius and subjects him to some very weird tests to find out for sure. | ||
| 521 | 1 |
_a540
_bLexile |
|
| 521 | 1 |
_aM
_bRaz-Plus |
|
| 650 | 1 |
_aSchools _vFiction. |
|
| 650 | 1 |
_aCounselors _vFiction. |
|
| 650 | 1 |
_aPsychological tests _vFiction. |
|
| 650 | 1 | _aHumorous stories. | |
| 700 | 1 |
_aPaillot, Jim, _eillustrator. |
|
| 906 |
_a7 _bcbc _corignew _d1 _eecip _f20 _gy-gencatlg |
||
| 942 |
_2ddc _cBK _n0 |
||
| 999 |
_c783 _d783 |
||